Pablo Serrano/ (Record no. 2704)

MARC details
000 -LEADER
campo de control de longitud fija 00436nam a2200157 4500
003 - IDENTIFICADOR DE NÚMERO DE CONTROL
campo de control OSt
005 - FECHA Y HORA DE LA ÚLTIMA TRANSACCIÓN
campo de control 20221121110026.0
008 - DATOS DE LONGITUD FIJA--INFORMACIÓN GENERAL
campo de control de longitud fija 221117b |||||||| |||| 00| 0 eng d
040 ## - FUENTE DE CATALOGACIÓN
Centro/agencia transcriptor Biblioteca Lado V
082 ## - NÚMERO DE LA CLASIFICACIÓN DECIMAL DEWEY
Número de clasificación 750
Número de ítem T693p
100 ## - ENTRADA PRINCIPAL--NOMBRE DE PERSONA
9 (RLIN) 479
Nombre de persona Torres, Alfredo
Término indicativo de función/relación curador
245 ## - MENCIÓN DEL TÍTULO
Título Pablo Serrano/
260 ## - PUBLICACIÓN, DISTRIBUCIÓN, ETC.
Nombre del editor, distribuidor, etc. Embajada de España
Fecha de publicación, distribución, etc. 2004
Lugar de publicación, distribución, etc. Uruguay
300 ## - DESCRIPCIÓN FÍSICA
Extensión 70p.
Dimensiones 23x20cm
942 ## - ELEMENTOS DE ENTRADA SECUNDARIOS (KOHA)
Fuente del sistema de clasificación o colocación Clasificación Decimal Dewey
Tipo de ítem Koha Libros
Parte de la signatura que identifica el ejemplar (Parte del ítem) T693p
Parte de la signatura que corresponde a la clasificación (Parte de la clasificación) 750
Suprimir en OPAC No
Holdings
Estatus retirado Estado de pérdida Fuente del sistema de clasificación o colocación Estado de daño No para préstamo Biblioteca de origen Biblioteca actual Fecha de adquisición Número de inventario Total de préstamos Signatura topográfica completa Código de barras Visto por última vez Precio de reemplazo Tipo de ítem Koha
    Clasificación Decimal Dewey     Biblioteca LadoV Biblioteca LadoV 21/11/2022 001130   750 T693p 001130 21/11/2022 21/11/2022 Libros